[Event "Deutsche Ländermeisterschaft 2025"]
[Site "Oer-Erkenschwick GER"]
[Date "2025.10.04"]
[Round "6"]
[White "Haubold, Sebastian"]
[Black "Schwarz, David"]
[Result "0-1"]
[Termination "normal"]
[Board "3.1"]
[WhiteElo "2153"]
[BlackElo "2149"]
[WhiteClock "00:14:17"]
[BlackClock "00:39:39"]
[WhiteTeam "Sachsen-Anhalt"]
[BlackTeam "Rheinland-Pfalz"]
[PlyCount "128"]
[WhiteFideId "16259637"]
[BlackFideId "16287614"]
[EventCountry "GER"]
[EventRounds "7"]
[EventType "team-swiss"]
[EventDate "2025.09.30"]

1. e4 {[%clk 01:30:55]} {[%emt 00:00:04]} e5 {[%clk 01:30:58]} {[%emt
00:00:03]} 2. Nf3 {[%clk 01:31:09]} {[%emt 00:00:16]} Nc6 {[%clk 01:31:23]}
{[%emt 00:00:05]} 3. Bb5 {[%clk 01:31:33]} {[%emt 00:00:05]} a6 {[%clk
01:31:51]} {[%emt 00:00:02]} 4. Ba4 {[%clk 01:31:44]} {[%emt 00:00:19]} f5
{[%clk 01:32:18]} {[%emt 00:00:04]} 5. d3 {[%clk 01:26:10]} {[%emt 00:06:03]}
fxe4 {[%clk 01:32:35]} {[%emt 00:00:13]} 6. dxe4 {[%clk 01:26:31]} {[%emt
00:00:08]} Nf6 {[%clk 01:33:01]} {[%emt 00:00:05]} 7. O-O {[%clk 01:20:24]}
{[%emt 00:06:36]} d6 {[%clk 01:33:15]} {[%emt 00:00:18]} 8. Nc3 {[%clk
01:18:14]} {[%emt 00:02:40]} Be7 {[%clk 01:33:39]} {[%emt 00:00:05]} 9. Bb3
{[%clk 01:09:05]} {[%emt 00:09:39]} Na5 {[%clk 01:33:28]} {[%emt 00:00:42]} 10.
Qd3 {[%clk 01:06:36]} {[%emt 00:02:57]} Nxb3 {[%clk 01:33:21]} {[%emt
00:00:37]} 11. axb3 {[%clk 01:07:04]} {[%emt 00:00:03]} O-O {[%clk 01:33:41]}
{[%emt 00:00:09]} 12. Qc4+ {[%clk 00:50:06]} {[%emt 00:17:28]} Kh8 {[%clk
01:33:58]} {[%emt 00:00:14]} 13. Ng5 {[%clk 00:50:13]} {[%emt 00:00:22]} Qe8
{[%clk 01:34:05]} {[%emt 00:00:23]} 14. Qxc7 {[%clk 00:47:14]} {[%emt
00:03:29]} Ng8 {[%clk 01:26:31]} {[%emt 00:08:05]} 15. Nd5 {[%clk 00:40:15]}
{[%emt 00:07:29]} h6 {[%clk 01:25:55]} {[%emt 00:01:07]} 16. Nxe7 {[%clk
00:34:17]} {[%emt 00:06:27]} Nxe7 {[%clk 01:25:58]} {[%emt 00:00:27]} 17. Qxd6
{[%clk 00:34:38]} {[%emt 00:00:09]} hxg5 {[%clk 01:24:13]} {[%emt 00:02:16]}
18. Qxe5 {[%clk 00:34:50]} {[%emt 00:00:18]} Nc6 {[%clk 01:24:27]} {[%emt
00:00:17]} 19. Qxg5 {[%clk 00:28:30]} {[%emt 00:06:50]} Qxe4 {[%clk 01:24:12]}
{[%emt 00:00:45]} 20. Ra4 {[%clk 00:28:02]} {[%emt 00:00:57]} Qe5 {[%clk
01:18:24]} {[%emt 00:06:17]} 21. Qh4+ {[%clk 00:23:34]} {[%emt 00:04:57]} Kg8
{[%clk 01:18:45]} {[%emt 00:00:10]} 22. Bf4 {[%clk 00:18:42]} {[%emt 00:05:22]}
Qxb2 {[%clk 01:13:25]} {[%emt 00:05:51]} 23. Bd6 {[%clk 00:18:54]} {[%emt
00:00:18]} Rf6 {[%clk 01:10:53]} {[%emt 00:03:02]} 24. Qc4+ {[%clk 00:18:51]}
{[%emt 00:00:33]} Be6 {[%clk 01:10:25]} {[%emt 00:00:58]} 25. Qc5 {[%clk
00:19:19]} {[%emt 00:00:02]} Rf5 {[%clk 01:00:21]} {[%emt 00:10:34]} 26. Qe3
{[%clk 00:14:27]} {[%emt 00:05:22]} Qf6 {[%clk 00:59:14]} {[%emt 00:01:37]} 27.
Bg3 {[%clk 00:12:08]} {[%emt 00:02:48]} Bf7 {[%clk 00:50:11]} {[%emt 00:09:33]}
28. Qb6 {[%clk 00:11:24]} {[%emt 00:01:15]} Rb5 {[%clk 00:46:53]} {[%emt
00:03:47]} 29. Qc7 {[%clk 00:11:39]} {[%emt 00:00:15]} Re8 {[%clk 00:46:41]}
{[%emt 00:00:43]} 30. h3 {[%clk 00:07:20]} {[%emt 00:04:49]} Qe7 {[%clk
00:43:20]} {[%emt 00:03:51]} 31. Qf4 {[%clk 00:07:25]} {[%emt 00:00:25]} Rb4
{[%clk 00:43:40]} {[%emt 00:00:10]} 32. Rxb4 {[%clk 00:05:10]} {[%emt
00:02:44]} Qxb4 {[%clk 00:43:45]} {[%emt 00:00:25]} 33. Qc7 {[%clk 00:04:21]}
{[%emt 00:01:18]} Nd4 {[%clk 00:39:45]} {[%emt 00:04:31]} 34. Kh2 {[%clk
00:01:10]} {[%emt 00:03:42]} Qe7 {[%clk 00:38:06]} {[%emt 00:02:09]} 35. Qc3
{[%clk 00:00:53]} {[%emt 00:00:47]} Ne2 {[%clk 00:36:42]} {[%emt 00:01:55]} 36.
Qf3 {[%clk 00:00:55]} {[%emt 00:00:28]} Qe4 {[%clk 00:34:56]} {[%emt 00:02:15]}
37. Qxe4 {[%clk 00:00:47]} {[%emt 00:00:37]} Rxe4 {[%clk 00:35:10]} {[%emt
00:00:16]} 38. Rd1 {[%clk 00:00:53]} {[%emt 00:00:24]} Nxg3 {[%clk 00:34:22]}
{[%emt 00:01:18]} 39. Kxg3 {[%clk 00:01:09]} {[%emt 00:00:14]} Re7 {[%clk
00:34:49]} {[%emt 00:00:04]} 40. Rd8+ {[%clk 00:00:58]} {[%emt 00:00:41]} Kh7
{[%clk 00:35:09]} {[%emt 00:00:10]} 41. Rd6 {[%clk 00:01:18]} {[%emt 00:00:10]}
Bg6 {[%clk 00:32:59]} {[%emt 00:02:40]} 42. c4 {[%clk 00:29:56]} {[%emt
00:01:52]} Be4 {[%clk 01:03:00]} {[%emt 00:00:30]} 43. h4 {[%clk 00:27:57]}
{[%emt 00:02:29]} Bc6 {[%clk 01:02:43]} {[%emt 00:00:47]} 44. Rd3 {[%clk
00:27:54]} {[%emt 00:00:32]} Rd7 {[%clk 00:53:08]} {[%emt 00:10:05]} 45. Rxd7
{[%clk 00:20:26]} {[%emt 00:07:58]} Bxd7 {[%clk 00:53:32]} {[%emt 00:00:06]}
46. Kf4 {[%clk 00:20:54]} {[%emt 00:00:03]} Kg6 {[%clk 00:51:07]} {[%emt
00:02:55]} 47. g4 {[%clk 00:21:10]} {[%emt 00:00:14]} Kf6 {[%clk 00:50:19]}
{[%emt 00:01:18]} 48. h5 {[%clk 00:20:17]} {[%emt 00:01:22]} Bc6 {[%clk
00:44:42]} {[%emt 00:06:07]} 49. g5+ {[%clk 00:16:00]} {[%emt 00:04:48]} Ke6
{[%clk 00:44:24]} {[%emt 00:00:48]} 50. f3 {[%clk 00:15:53]} {[%emt 00:00:37]}
Be8 {[%clk 00:43:03]} {[%emt 00:01:51]} 51. Kg4 {[%clk 00:15:59]} {[%emt
00:00:23]} Ke5 {[%clk 00:42:35]} {[%emt 00:00:58]} 52. f4+ {[%clk 00:15:53]}
{[%emt 00:00:37]} Ke4 {[%clk 00:43:00]} {[%emt 00:00:05]} 53. g6 {[%clk
00:15:07]} {[%emt 00:01:16]} Bd7 {[%clk 00:40:26]} {[%emt 00:03:04]} 54. Kg5
{[%clk 00:14:16]} {[%emt 00:01:21]} Bf5 {[%clk 00:40:47]} {[%emt 00:00:09]} 55.
b4 {[%clk 00:11:47]} {[%emt 00:02:58]} Be6 {[%clk 00:40:53]} {[%emt 00:00:25]}
56. b5 {[%clk 00:11:59]} {[%emt 00:00:19]} axb5 {[%clk 00:39:45]} {[%emt
00:01:37]} 57. cxb5 {[%clk 00:12:26]} {[%emt 00:00:02]} Bf5 {[%clk 00:39:20]}
{[%emt 00:00:55]} 58. b6 {[%clk 00:12:46]} {[%emt 00:00:11]} Be6 {[%clk
00:39:18]} {[%emt 00:00:32]} 59. h6 {[%clk 00:13:01]} {[%emt 00:00:14]} gxh6+
{[%clk 00:39:45]} {[%emt 00:00:04]} 60. Kf6 {[%clk 00:13:20]} {[%emt 00:00:10]}
Bb3 {[%clk 00:38:08]} {[%emt 00:02:07]} 61. f5 {[%clk 00:13:27]} {[%emt
00:00:23]} Bc4 {[%clk 00:38:25]} {[%emt 00:00:13]} 62. g7 {[%clk 00:13:43]}
{[%emt 00:00:14]} Bg8 {[%clk 00:38:46]} {[%emt 00:00:09]} 63. Kg6 {[%clk
00:13:55]} {[%emt 00:00:19]} Ke5 {[%clk 00:39:12]} {[%emt 00:00:03]} 64. f6
{[%clk 00:14:17]} {[%emt 00:00:08]} Ke6 {[%clk 00:39:39]} {[%emt 00:00:03]} 0-1

[Event "Deutsche Ländermeisterschaft 2025"]
[Site "Oer-Erkenschwick GER"]
[Date "2025.10.04"]
[Round "6"]
[White "Mader, Fabian"]
[Black "Belin, Anton"]
[Result "1-0"]
[Termination "normal"]
[Board "3.2"]
[WhiteElo "2153"]
[BlackElo "2124"]
[WhiteClock "00:25:52"]
[BlackClock "00:41:29"]
[WhiteTeam "Rheinland-Pfalz"]
[BlackTeam "Sachsen-Anhalt"]
[PlyCount "103"]
[WhiteFideId "16265866"]
[BlackFideId "34610952"]
[EventCountry "GER"]
[EventRounds "7"]
[EventType "team-swiss"]
[EventDate "2025.09.30"]

1. e4 {[%clk 01:30:58]} {[%emt 00:00:01]} c5 {[%clk 01:30:56]} {[%emt
00:00:04]} 2. Nf3 {[%clk 01:31:20]} {[%emt 00:00:08]} d6 {[%clk 01:31:18]}
{[%emt 00:00:08]} 3. Bb5+ {[%clk 01:31:09]} {[%emt 00:00:40]} Nd7 {[%clk
01:31:36]} {[%emt 00:00:12]} 4. O-O {[%clk 01:31:24]} {[%emt 00:00:15]} a6
{[%clk 01:31:51]} {[%emt 00:00:15]} 5. Bd3 {[%clk 01:31:47]} {[%emt 00:00:07]}
Ngf6 {[%clk 01:32:01]} {[%emt 00:00:19]} 6. c3 {[%clk 01:31:38]} {[%emt
00:00:38]} b5 {[%clk 01:32:11]} {[%emt 00:00:20]} 7. Bc2 {[%clk 01:31:30]}
{[%emt 00:00:38]} Bb7 {[%clk 01:31:07]} {[%emt 00:01:34]} 8. Re1 {[%clk
01:31:10]} {[%emt 00:00:50]} c4 {[%clk 01:29:46]} {[%emt 00:01:51]} 9. a4
{[%clk 01:30:41]} {[%emt 00:00:59]} Rc8 {[%clk 01:19:34]} {[%emt 00:10:42]} 10.
axb5 {[%clk 01:28:37]} {[%emt 00:02:34]} axb5 {[%clk 01:19:29]} {[%emt
00:00:35]} 11. d4 {[%clk 01:28:31]} {[%emt 00:00:36]} cxd3 {[%clk 01:12:04]}
{[%emt 00:07:55]} 12. Bxd3 {[%clk 01:28:53]} {[%emt 00:00:08]} g6 {[%clk
01:07:57]} {[%emt 00:04:37]} 13. Bxb5 {[%clk 01:20:09]} {[%emt 00:09:14]} Qb6
{[%clk 00:57:11]} {[%emt 00:11:15]} 14. c4 {[%clk 01:16:10]} {[%emt 00:04:29]}
Nxe4 {[%clk 00:50:50]} {[%emt 00:06:52]} 15. Be3 {[%clk 01:09:11]} {[%emt
00:07:29]} Qc7 {[%clk 00:50:03]} {[%emt 00:01:17]} 16. Bd4 {[%clk 01:06:45]}
{[%emt 00:02:55]} f6 {[%clk 00:45:09]} {[%emt 00:05:24]} 17. Ra7 {[%clk
01:05:52]} {[%emt 00:01:24]} Ra8 {[%clk 00:43:56]} {[%emt 00:01:43]} 18. Rxa8+
{[%clk 00:58:36]} {[%emt 00:07:46]} Bxa8 {[%clk 00:43:56]} {[%emt 00:00:29]}
19. Qa4 {[%clk 00:58:59]} {[%emt 00:00:06]} Bb7 {[%clk 00:43:56]} {[%emt
00:00:31]} 20. Qa7 {[%clk 00:56:11]} {[%emt 00:03:19]} Qc8 {[%clk 00:40:03]}
{[%emt 00:04:23]} 21. Nc3 {[%clk 00:39:24]} {[%emt 00:17:17]} Nxc3 {[%clk
00:39:43]} {[%emt 00:00:50]} 22. Bxc3 {[%clk 00:39:48]} {[%emt 00:00:05]} e5
{[%clk 00:37:43]} {[%emt 00:02:30]} 23. c5 {[%clk 00:31:45]} {[%emt 00:08:33]}
Bc6 {[%clk 00:33:10]} {[%emt 00:05:03]} 24. Bxc6 {[%clk 00:28:32]} {[%emt
00:03:43]} Qxc6 {[%clk 00:33:30]} {[%emt 00:00:10]} 25. cxd6 {[%clk 00:26:50]}
{[%emt 00:02:12]} Bxd6 {[%clk 00:32:14]} {[%emt 00:01:46]} 26. Qa2 {[%clk
00:26:14]} {[%emt 00:01:06]} Bc5 {[%clk 00:30:30]} {[%emt 00:02:14]} 27. b4
{[%clk 00:22:26]} {[%emt 00:04:19]} Bb6 {[%clk 00:29:34]} {[%emt 00:01:26]} 28.
Bd2 {[%clk 00:21:58]} {[%emt 00:00:57]} Ke7 {[%clk 00:28:04]} {[%emt 00:02:00]}
29. Qb3 {[%clk 00:14:49]} {[%emt 00:07:39]} Qe6 {[%clk 00:24:58]} {[%emt
00:03:35]} 30. Qa3 {[%clk 00:13:20]} {[%emt 00:02:00]} Kf7 {[%clk 00:24:37]}
{[%emt 00:00:50]} 31. Be3 {[%clk 00:10:54]} {[%emt 00:02:57]} Bxe3 {[%clk
00:24:15]} {[%emt 00:00:53]} 32. Qxe3 {[%clk 00:11:18]} {[%emt 00:00:05]} Rb8
{[%clk 00:22:14]} {[%emt 00:02:31]} 33. Qd2 {[%clk 00:06:49]} {[%emt 00:04:59]}
Rb7 {[%clk 00:21:06]} {[%emt 00:01:38]} 34. h4 {[%clk 00:06:02]} {[%emt
00:01:17]} h5 {[%clk 00:17:09]} {[%emt 00:04:27]} 35. Rc1 {[%clk 00:05:10]}
{[%emt 00:01:22]} Kg7 {[%clk 00:14:53]} {[%emt 00:02:46]} 36. Rc8 {[%clk
00:04:41]} {[%emt 00:00:59]} Qe7 {[%clk 00:11:42]} {[%emt 00:03:41]} 37. Qd5
{[%clk 00:04:11]} {[%emt 00:01:00]} Nf8 {[%clk 00:11:28]} {[%emt 00:00:44]} 38.
b5 {[%clk 00:04:20]} {[%emt 00:00:21]} Qd7 {[%clk 00:11:43]} {[%emt 00:00:14]}
39. Qc5 {[%clk 00:03:08]} {[%emt 00:01:42]} Ne6 {[%clk 00:12:01]} {[%emt
00:00:13]} 40. Qc4 {[%clk 00:03:20]} {[%emt 00:00:18]} Rxb5 {[%clk 00:11:36]}
{[%emt 00:00:55]} 41. Rc6 {[%clk 00:29:39]} {[%emt 00:04:10]} Rd5 {[%clk
00:41:17]} {[%emt 00:00:49]} 42. Qa6 {[%clk 00:29:41]} {[%emt 00:00:29]} Nf4
{[%clk 00:40:04]} {[%emt 00:01:42]} 43. Rxf6 {[%clk 00:28:17]} {[%emt
00:01:54]} Rd1+ {[%clk 00:39:51]} {[%emt 00:00:43]} 44. Kh2 {[%clk 00:28:40]}
{[%emt 00:00:06]} Qg4 {[%clk 00:40:10]} {[%emt 00:00:12]} 45. Rf7+ {[%clk
00:24:37]} {[%emt 00:04:34]} Kxf7 {[%clk 00:40:03]} {[%emt 00:00:37]} 46. Nxe5+
{[%clk 00:25:02]} {[%emt 00:00:04]} Kg7 {[%clk 00:40:23]} {[%emt 00:00:10]} 47.
Nxg4 {[%clk 00:25:25]} {[%emt 00:00:07]} hxg4 {[%clk 00:40:49]} {[%emt
00:00:05]} 48. Qa4 {[%clk 00:25:00]} {[%emt 00:00:54]} g3+ {[%clk 00:40:39]}
{[%emt 00:00:39]} 49. fxg3 {[%clk 00:25:17]} {[%emt 00:00:14]} Rf1 {[%clk
00:40:53]} {[%emt 00:00:16]} 50. gxf4 {[%clk 00:25:40]} {[%emt 00:00:07]} Kh6
{[%clk 00:41:18]} {[%emt 00:00:05]} 51. Qb5 {[%clk 00:25:32]} {[%emt 00:00:38]}
Re1 {[%clk 00:41:29]} {[%emt 00:00:19]} 52. Qg5+ {[%clk 00:25:52]} {[%emt
00:00:09]} 1-0

[Event "Deutsche Ländermeisterschaft 2025"]
[Site "Oer-Erkenschwick GER"]
[Date "2025.10.04"]
[Round "6"]
[White "Nönnig, Jakob"]
[Black "Weber, Nikita"]
[Result "1-0"]
[Termination "normal"]
[Board "3.3"]
[WhiteElo "2129"]
[BlackElo "2057"]
[WhiteClock "00:13:42"]
[BlackClock "00:33:57"]
[WhiteTeam "Sachsen-Anhalt"]
[BlackTeam "Rheinland-Pfalz"]
[PlyCount "53"]
[WhiteFideId "16289447"]
[BlackFideId "34608770"]
[EventCountry "GER"]
[EventRounds "7"]
[EventType "team-swiss"]
[EventDate "2025.09.30"]

1. e4 {[%clk 01:30:58]} c6 {[%clk 01:30:35]} {[%emt 00:00:25]} 2. d4 {[%clk
01:30:49]} {[%emt 00:00:39]} d5 {[%clk 01:31:03]} {[%emt 00:00:01]} 3. Nd2
{[%clk 01:28:08]} {[%emt 00:03:12]} dxe4 {[%clk 01:31:26]} {[%emt 00:00:07]} 4.
Nxe4 {[%clk 01:28:32]} {[%emt 00:00:05]} Bf5 {[%clk 01:31:53]} {[%emt
00:00:04]} 5. Ng3 {[%clk 01:28:53]} {[%emt 00:00:10]} Bg6 {[%clk 01:32:22]}
{[%emt 00:00:01]} 6. h4 {[%clk 01:28:58]} {[%emt 00:00:24]} h6 {[%clk
01:32:50]} {[%emt 00:00:02]} 7. Nf3 {[%clk 01:29:19]} {[%emt 00:00:08]} e6
{[%clk 01:33:14]} {[%emt 00:00:06]} 8. Ne5 {[%clk 01:21:23]} {[%emt 00:08:26]}
Bh7 {[%clk 01:33:11]} {[%emt 00:00:34]} 9. Be3 {[%clk 01:11:44]} {[%emt
00:10:08]} Nd7 {[%clk 01:28:08]} {[%emt 00:05:32]} 10. Nxd7 {[%clk 01:07:03]}
{[%emt 00:05:12]} Qxd7 {[%clk 01:27:11]} {[%emt 00:01:28]} 11. Bd3 {[%clk
01:07:24]} {[%emt 00:00:09]} Bxd3 {[%clk 01:27:37]} {[%emt 00:00:04]} 12. Qxd3
{[%clk 01:07:45]} {[%emt 00:00:08]} Nf6 {[%clk 01:26:01]} {[%emt 00:02:05]} 13.
O-O-O {[%clk 01:07:06]} {[%emt 00:01:09]} Be7 {[%clk 01:19:45]} {[%emt
00:06:47]} 14. f3 {[%clk 01:03:24]} {[%emt 00:04:12]} Nd5 {[%clk 01:16:24]}
{[%emt 00:03:51]} 15. Bf2 {[%clk 00:57:03]} {[%emt 00:06:52]} a5 {[%clk
01:14:29]} {[%emt 00:02:24]} 16. Kb1 {[%clk 00:55:32]} {[%emt 00:02:01]} a4
{[%clk 01:11:04]} {[%emt 00:03:55]} 17. Ne4 {[%clk 00:53:12]} {[%emt 00:02:50]}
b5 {[%clk 01:07:36]} {[%emt 00:03:57]} 18. g4 {[%clk 00:48:51]} {[%emt
00:04:52]} Qb7 {[%clk 00:54:32]} {[%emt 00:13:34]} 19. c3 {[%clk 00:39:30]}
{[%emt 00:09:51]} Nb6 {[%clk 00:50:37]} {[%emt 00:04:24]} 20. g5 {[%clk
00:31:51]} {[%emt 00:08:10]} Nc4 {[%clk 00:43:07]} {[%emt 00:07:59]} 21. Rdg1
{[%clk 00:23:55]} {[%emt 00:08:26]} h5 {[%clk 00:41:08]} {[%emt 00:02:30]} 22.
g6 {[%clk 00:21:06]} {[%emt 00:03:19]} f6 {[%clk 00:41:17]} {[%emt 00:00:19]}
23. Nd2 {[%clk 00:20:07]} {[%emt 00:01:31]} Nxd2+ {[%clk 00:38:51]} {[%emt
00:02:56]} 24. Qxd2 {[%clk 00:20:35]} {[%emt 00:00:01]} c5 {[%clk 00:38:54]}
{[%emt 00:00:27]} 25. Qe2 {[%clk 00:15:36]} {[%emt 00:05:29]} c4 {[%clk
00:33:28]} {[%emt 00:05:56]} 26. Qxe6 {[%clk 00:14:48]} {[%emt 00:01:18]} Qxf3
{[%clk 00:33:57]} {[%emt 00:00:02]} 27. Re1 {[%clk 00:13:42]} {[%emt 00:01:36]}
1-0